000 00288nam a22001217a 4500
082 _a658.2 BUR'E
100 _aHOSKINS, G. O,BURNHAM, T. H
_960444
245 _aELEMENTS OF INDUSTRIAL ORGANIZATION
250 _a6TH
260 _aLONDON
_bSIR ISAAC
_c1958
300 _a330P
942 _cBK
999 _c570159
_d570159